Les joueurs avec le plus de doublés au 21ème siècle - Statistiques

Statistiques générales
  • Ce quiz a été pris 269 fois
  • Le résultat moyen est 10 sur 12
Statistiques - réponses
Hint Pays Réponse Doublés % Correct
2 Argentine Lionel Messi 210
100%
1 Portugal Cristiano Ronaldo 211
99%
11 France Kylian MBappe 66
98%
8 Brésil Ronaldo 84
98%
3 Pologne Robert Lewandowski 153
97%
5 Uruguay Luis Suarez 103
96%
4 Suède Zlatan Ibrahimovic 115
96%
12 Norvège Erling Haaland 62
93%
6 France Karim Benzema 94
82%
10 Cameroun Samuel Eto'o 78
80%
9 Argentine Sergio Aguero 81
70%
7 Pays- Bas Klaas-Jan Huntelaar 85
33%
Aucun quiz correspondant
Distribution des résultats
% des personnes avec chaque résultat
Percentile par nombre de réponses
Votre historique - résultats
Vous n’avez pas pris ce quiz